|
|
|
|
| LEADER |
01112nam a2200253 a 4500 |
| 001 |
1004255 |
| 008 |
091003s1987 nyua b 000 0 eng d |
| 010 |
|
|
|a \\\87006945
|
| 040 |
|
|
|a DLC
|c DLC
|d DLC
|
| 082 |
0 |
0 |
|a 361.7
|2 19
|
| 245 |
0 |
0 |
|a Monitoring and evaluating small business projects :
|b a step by step guide for private development organizations /
|c by members of the Small Enterprise Evaluation Project and Shirley Buzzard and Elaine Edgcomb, editors.
|
| 260 |
|
|
|a New York, NY :
|b PACT,
|c c1987.
|
| 300 |
|
|
|a ix, 262 p. :
|b ill. ;
|c 29 cm.
|
| 504 |
|
|
|a Bibliography: p. 259-262.
|
| 541 |
1 |
|
|e 00003590
|
| 650 |
|
0 |
|a Small business
|z Developing countries
|x Evaluation.
|
| 650 |
|
0 |
|a Economic development projects
|x Evaluation.
|
| 650 |
|
0 |
|a Non-governmental organizations.
|
| 700 |
1 |
|
|a Buzzard, Shirley.
|
| 700 |
1 |
|
|a Edgcomb, Elaine.
|
| 710 |
2 |
|
|a Small Enterprise Evaluation Project.
|
| 852 |
4 |
|
|a Ayesha Abed Library
|j General shelf
|
| 999 |
|
|
|c 4185
|d 4185
|
| 952 |
|
|
|0 0
|1 0
|2 ddc
|4 0
|6 361_700000000000000_MON_1988
|7 0
|9 3848
|a BRACUL
|b BRACUL
|c GEN
|d 2009-10-03
|g 25.00
|l 0
|o 361.7 MON
|p 3010003590
|r 2009-10-03
|t 1
|w 2009-10-03
|y BK
|